000
00344nam a2200145Ia 4500
008
150201s1996 xx 000 0 und d
082
_a
610.7
_b
M1996P
100
_a
PHILLIPS,W.J.
245
_a
SHAFERS MEDICAL -SURGICAL NURSING
250
_a
1ST
260
_b
ELSEVIER
_a
DELHI
_c
1996
300
_a
1-990
650
_a
SURGERY
942
_2
ddc
_c
BK
999
_c
3994
_d
3994